000 00711nam a2200253 a 4500
001 adlib96000001
003 ViArRB
005 200902210153555.7
008 960221s1955 dcuabcdjdbkoqu001 0deng d
020 _a
022 _a
040 _aAdlib
082 _a34:501
245 _aScientists in the Legal System: Tolerated Meddlers or Essential Contributors
250 _a
260 _aMichigan
_bAnn Arbor Science
_c1974
300 _avii, 141 p.
_c
500 _a
100 _aThomas, William
_eEditor
700 _a
_a
942 _cBK
653 _aScientists in the Legal System
952 _w2010-06-19
_p00015056
_r2010-06-19
_40
_00
_bUL
_10
_o34:501 THO
_d2010-06-19
_70
_yBK
_aUL
999 _c65190
_d65189